| 000 | 00886nam a2200217Ii 4500 | ||
|---|---|---|---|
| 003 | JO-AjNU | ||
| 008 | 230605s9999||||xx |||||||||||||| ||und|| | ||
| 040 |
_aJO-AjNU _bara _erda _cJO-AjNU |
||
| 041 | _aara | ||
| 050 | 1 | 4 | _aHF 5686 .C7.Y3 1900Z |
| 100 | 3 |
_aعبد السيد، يسى, _eauthor _934966 |
|
| 245 | 0 | 0 | _aالمحاسبة في الشركات: شركات التضامن، شركات التوصية البسيطة، شركات المحاصة، شركات المساهمة، شركات التوصية بالاسهم |
| 250 | _aط7 منقحة | ||
| 264 | 3 | 1 | _aالفجالة: مكتب نشر الثقافة التجارية، 1900Z |
| 300 | _a372ص | ||
| 336 |
_atext _btxt _2rdacontent |
||
| 337 |
_aunmediated _bn _2rdamedia |
||
| 338 |
_avolume _bnc _2rdacarrier |
||
| 490 | 0 | _aمكتبة التاجر والمحاسب | |
| 650 | 4 |
_a محاسبة الشركات _934967 |
|
| 999 |
_aA14389 _c17957 _d17957 |
||